000 00326nam a22001457a 4500
008 230414b ||||| |||| 00| 0 eng d
020 _a9781323458372
041 _aeng
080 _a004
082 _a004SEI
100 _a18
101 _aSHKI
245 _aCOMMUNICATION MAKING CONNECTIONS
_cSEILER.J.W
942 _2udc
_cBK
999 _c59539
_d59539